Statistics for Lord of the Rings - Actors to Characters

Click here to take the quiz!

General Stats

  • This quiz has been taken 353 times
    (268 since last reset)
  • The average score is 19 of 25

Answer Stats

ActorCharacter% Correct
Elijah WoodFrodo Baggins
100%
Viggo MortensenAragorn
98%
Ian McKellenGandalf
93%
Orlando BloomLegolas
93%
John Rhys-DaviesGimli
91%
Billy BoydPeregrin Took
91%
Dominic MonaghanMeriadoc Brandybuck
89%
Christopher LeeSaruman
89%
Liv TylerArwen
88%
Sean BeanBoromir
88%
Andy SerkisGollum
88%
Sean AstinSamwise Gamgee
88%
Cate BlanchettGaladriel
83%
Hugo WeavingElrond
79%
Miranda OttoÉowyn
78%
Ian HolmBilbo Baggins
67%
Bernard HillThéoden
65%
Karl UrbanÉomer
64%
David WenhamFaramir
64%
John Rhys-Davies (voice)Treebeard
60%
John NobleDenethor
58%
Brad DourifGríma Wormtongue
46%
Sarah McLeodRosie Cotton
39%
Marton CsokasCeleborn
38%
Craig ParkerHaldir
24%

Score Distribution

Percentile by Number Answered

Percent of People with Each Score

Your Score History

You have not taken this quiz since the last reset